Visualizzazione normale
Vista MARC
- Marcello Benedetto
di Personal Name
Records bibliografici associati: 1
001 - CONTROL NUMBER
- control field: 12977
003 - CONTROL NUMBER IDENTIFIER
- control field: IT-RoPau
005 - DATE AND TIME OF LATEST TRANSACTION
- control field: 20140212095728.0
008 - FIXED-LENGTH DATA ELEMENTS
- fixed length control field: 140212|| aca||aabn | a|a d
040 ## - CATALOGING SOURCE
- Original cataloging agency: IT-RoPau
- Transcribing agency: IT-RoPau
100 ## - HEADING--PERSONAL NAME
- Personal name: Marcello Benedetto
- Miscellaneous information: Codice autore testo/musica SPICS: 8256
- Relator term: Autore testo/musica
- Name of part/section of a work: Adagio veneziano
670 ## - SOURCE DATA FOUND
- Source citation: Work cat.: (IT-RoPau)100022: AA.VV. 794, Meglio di Massimo Ranieri (Il)